American english primary colors
Salvato in:
| Autore principale: | |
|---|---|
| Altri autori: | |
| Lingua: | Undetermined English |
| Pubblicazione: |
Cambridge,New York
Cambridge University Press
2005
|
| Soggetti: | |
| Tags: |
Aggiungi Tag
Nessun Tag, puoi essere il primo ad aggiungerne! !
|
| Thư viện lưu trữ: | Trung tâm Học liệu Trường Đại học Trà Vinh |
|---|
| LEADER | 00620nam a2200229Ia 4500 | ||
|---|---|---|---|
| 001 | TVU_3549 | ||
| 008 | 210423s9999 xx 000 0 und d | ||
| 041 | |a eng | ||
| 082 | |a 428.24 | ||
| 082 | |b H302 | ||
| 100 | |a Hicks, Diana | ||
| 245 | 0 | |a American english primary colors | |
| 245 | 0 | |c Diana Hicks, Andrew Littlejohn | |
| 260 | |a Cambridge,New York | ||
| 260 | |b Cambridge University Press | ||
| 260 | |c 2005 | ||
| 300 | |a 64 p. | ||
| 300 | |b ill. | ||
| 300 | |c 28 cm | ||
| 650 | |a Language arts (Early childhood) | ||
| 700 | |a Diana Hicks; Andrew Littlejohn | ||
| 980 | |a Trung tâm Học liệu Trường Đại học Trà Vinh | ||